00726cam a2200229 a 4500999001500000001000500015003000900020005001700029008004100046020001600087040003800103082001900141100001700160245005300177260003200230300004600262490001800308500002000326650002100346942001200367952011700379 c5708d57084283BD-DhUAP20201220133031.0201220s1999 nyuabf b f000 0 eng  a0471318868  aBD-DhUAPcBD-DhUAPdBD-DhUAPbEng a650.11 ROG223 aRogak, Lisa. aSmart guide to managing your time /cLisa Rogak. aNew York :bWiley, cc1999. axiv, 175 pages :billustrations ;c24 cm. aSmart guides. aIncludes index. aTime management. 2ddccBK 00102ddc4070aUAPCLbUAPCLcGeneral Stacksd2020-12-20o650.11 ROGp3010004283r2020-12-20t1w2020-12-20yBK